NHL MVPs since 2000 - Statistics

General Stats
  • This quiz has been taken 31 times
  • The average score is 20 of 25
Answer Stats
Year Team Answer % Correct
2013 Capitals Alex Ovechkin
96%
2009 Capitals Alex Ovechkin
96%
2008 Capitals Alex Ovechkin
96%
2023 Oilers Connor McDavid
96%
2021 Oilers Connor McDavid
96%
2017 Oilers Connor McDavid
96%
2014 Pengiuns Sidney Crosby
96%
2007 Pengiuns Sidney Crosby
96%
2022 Maple Leafs Auston Matthews
92%
2024 Avalanche Nathan MacKinnon
92%
2012 Penguins Evgeni Malkin
88%
2025 Jets Connor Hellebuyck
83%
2010 Canucks Henrik Sedin
83%
2019 Lightning Nikita Kucherov
83%
2016 Blackhawks Patrick Kane
83%
2011 Ducks Corey Perry
75%
2001 Avalanche Joe Sakic
75%
2018 Devils Taylor Hall
75%
2015 Canadiens Carey Price
71%
2006 Bruins / Sharks Joe Thornton
71%
2004 Lightning Martin St. Louis
71%
2003 Avalanche Peter Forsberg
54%
2000 Blues Chris Pronger
46%
2002 Canadiens Jose Theodore
42%
2020 Oilers Leon Draisatl
38%
No matching quizzes found
Score Distribution
Percent of People with Each Score
Percentile by Number Answered
Your Score History
You have not taken this quiz